Výskumník, ktorý sa naučil zarábať

Stanislav Krcho - Technologický podnikateľ roka v súťaži EY Podnikateľ roka za rok 2013. Topoľčianska firma Kompozitum vyrábajúca tzv. skeletové kompozity. Špeciálne súčiatky, ktoré našli uplatnenie vo francúzskych a čínskych rýchlovlakoch. Nové horizonty v automobilovom sektore.

Saved in:
Bibliographic Details
Main Author: Kováč, Ján
Format: Book Chapter
Language:Slovak
Subjects:
Tags: Add Tag
No Tags, Be the first to tag this record!

MARC

LEADER 00000naa a2200000 4500
001 0185039
005 20231113101149.1
041 0 |a slo 
044 |a SK 
245 1 0 |a Výskumník, ktorý sa naučil zarábať  |c Ján Kováč 
520 |a Stanislav Krcho - Technologický podnikateľ roka v súťaži EY Podnikateľ roka za rok 2013. Topoľčianska firma Kompozitum vyrábajúca tzv. skeletové kompozity. Špeciálne súčiatky, ktoré našli uplatnenie vo francúzskych a čínskych rýchlovlakoch. Nové horizonty v automobilovom sektore. 
610 2 0 |a inovácia 
610 2 0 |a podnikanie 
610 2 0 |a podnikatelia 
610 2 0 |a manažéri 
610 2 0 |a výroba 
610 2 0 |a výrobky 
610 2 0 |a doprava železničná 
610 2 0 |a priemysel automobilový 
100 1 |a Kováč, Ján